000 00455nam a2200181Ia 4500
003 OSt
005 20260225145023.0
008 250729s1900 xx 000 0 und d
040 _cAL
041 _aeng
082 _a530.1 CHAP
100 _aCharles Solomon M D
_9229817
245 _aPharmocology , materia medica and the rapeutics
260 _aNewyork
_bJ B Lippincott Company
300 _a799p
650 _aScience
_9229818
942 _2ddc
_cBED
999 _c238471
_d238471